Miasta, które są większe niż siedziba powiatu - Statystyki

Ogólne statystyki
  • Ten quiz został rozwiązany 16 razy
  • Średni wynik to 10 z 14
Statystyki odpowiedzi
Powiat Siedziba Liczba ludności siedziby Liczba ludności największego miasta Miasto % Poprawnych
wejherowski Wejherowo 46 271 52 931 Rumia
92%
wadowicki Wadowice 17 331 18 503 Andrychów
85%
rycki Ryki 9 060 14 217 Dęblin
85%
wołomiński Wołomin 35 739 44 882 Marki
85%
czarnkowsko - trzcianecki Czarnków 9 992 16 496 Trzcianka
85%
wołomiński Wołomin 35 739 45 189 Ząbki
85%
wołowski Wołów 12 043 12 565 Brzeg Dolny
77%
sławieński Sławno 11 839 12 643 Darłowo
69%
myśliborski Myślibórz 10 358 13 049 Barlinek
62%
opolski Opole Lubelskie 7 918 8 328 Poniatowa
62%
drawski Drawsko Pomorskie 11 248 12 106 Złocieniec
62%
krośnieński Krosno Odrzańskie 10 601 15 684 Gubin
54%
myśliborski Myślibórz 10 358 12 947 Dębno
46%
warszawski zachodni Ożarów Mazowiecki 15 413 18 183 Łomianki
38%
Nie znaleziono quizów pasujących do podanych kryteriów
Rozkład punktacji
Procent ludzi z każdym wynikiem
Percentyl według liczby udzielonych odpowiedzi
Twoja historia wyników
Nie rozwiązałeś tego quizu